000 00299nam a2200109Ia 4500
008 200302s9999 xx 000 0 und d
100 _aWilliam F Powell
245 _aWalter Foster : How To Draw & Paint - Landscape(Trees)
260 _bWalter Foster Publishing Inc.,
260 _c2012
300 _a31 P
999 _c4971
_d4971